000 00693nam a2200289Ia 4500
005 20260324130316.0
008 008 260324s9999 xx 000 0 eng d
020 _a9780203960998
037 _aEBOOK
040 _aCRL
040 _beng
040 _cCRL
041 _2eng
041 _aeng
084 _qCRL
100 _aBrad Williams
_9973596
245 0 _aResolving the Russo-Japanese Territorial Dispute
245 0 _bHokkaido-Sakhalin Relations
260 _bTaylor and Francis
260 _c2007
365 _a
365 _b240
856 _uhttp://www.taylorfrancis.com/books/9780203960998
942 _cEBOOK
999 _c1777347
_d1777347